Ideale Ränder Riemannscher Flächen / (Record no. 50403)
[ view plain ]
| 000 -LEADER | |
|---|---|
| fixed length control field | 01037nam a2200289 a 4500 |
| 001 - CONTROL NUMBER | |
| control field | 50403 |
| 003 - CONTROL NUMBER IDENTIFIER | |
| rucl marc code | BD-RjUL |
| 005 - DATE AND TIME OF LATEST TRANSACTION | |
| control field | 20211209075513.0 |
| 008 - FIXED-LENGTH DATA ELEMENTS--GENERAL INFORMATION | |
| fixed length control field | 160816s1963 gw b 000 0 eng |
| 035 ## - SYSTEM CONTROL NUMBER | |
| System control number | (BD-RjUL)50523 |
| 040 ## - CATALOGING SOURCE | |
| Original cataloging agency | DLC/ICU |
| Transcribing agency | ICU |
| Modifying agency | DLC |
| Language of cataloging | BD-RjUL |
| 041 ## - LANGUAGE CODE | |
| Language code of text/sound track or separate title | eng |
| 082 00 - DEWEY DECIMAL CLASSIFICATION NUMBER | |
| Classification number | 510 |
| Author mark and year | COI 1963 |
| Edition number | 23 |
| 100 1# - MAIN ENTRY--PERSONAL NAME | |
| Personal name | Constantinescu, Corneliu. |
| 9 (RLIN) | 151035 |
| 245 10 - TITLE STATEMENT | |
| Title | Ideale Ränder Riemannscher Flächen / |
| Statement of responsibility, etc. | von Corneliu Constantinescu and Aurel Cornea |
| 260 ## - PUBLICATION, DISTRIBUTION, ETC. (IMPRINT) | |
| Place of publication, distribution, etc. | Berlin : |
| Name of publisher, distributor, etc. | Springer, |
| Date of publication, distribution, etc. | 1963. |
| 300 ## - PHYSICAL DESCRIPTION | |
| Pagination | 244 p.; |
| Size | 24 cm. |
| 490 1# - SERIES STATEMENT | |
| Series statement | Ergebnisse der Mathematik und ihrer Grenzgebiete, |
| Volume/sequential designation | n. F., Bd. 32. |
| Series statement | Reihe: Moderne Funktionentheorie |
| 504 ## - BIBLIOGRAPHY, ETC. NOTE | |
| Bibliography, etc | Bibliography: p. 237-240. |
| 650 #0 - SUBJECT ADDED ENTRY--TOPICAL TERM | |
| Topical term or geographic name as entry element | Riemann surfaces. |
| 9 (RLIN) | 151000 |
| Topical term or geographic name as entry element | Mathematics |
| 9 (RLIN) | 173557 |
| 700 1# - ADDED ENTRY--PERSONAL NAME | |
| Personal name | Cornea, Aurel, |
| Relator term | joint author. |
| 830 #0 - SERIES ADDED ENTRY--UNIFORM TITLE | |
| Uniform title | Ergebnisse der Mathematik und ihrer Grenzgebiete ; |
| Volume number/sequential designation | n. F., Heft 32. |
| Uniform title | Ergebnisse der Mathematik und ihrer Grenzgebiete. |
| 942 ## - ADDED ENTRY ELEMENTS (KOHA) | |
| Source of classification or shelving scheme | Dewey Decimal Classification |
| Koha item type | Books |
| Lost status | Source of classification or shelving scheme | Damaged status | Not for loan | Collection code | Permanent Location | Current Location | Shelving location | Date acquired | Source of acquisition | Cost, normal purchase price | Total Checkouts | Full call number | Date last seen | Copy number | Koha item type |
|---|---|---|---|---|---|---|---|---|---|---|---|---|---|---|---|
| Dewey Decimal Classification | Non-fiction | Central Library, University of Rajshahi | Central Library, University of Rajshahi | 30/12/1968 | Zeitlinger | 81.00 | 510 COI 1963 | 27/08/2016 | C-2 | Books | |||||
| Dewey Decimal Classification | Not For Loan | Non-fiction | Central Library, University of Rajshahi | Central Library, University of Rajshahi | Reading Room | 06/04/1965 | Zeitlinger | 124.00 | 510 COI 1963 | 24/01/2017 | C-1 | Books |